| 000 | 00742nam a22002297a 4500 | ||
|---|---|---|---|
| 999 |
_c13514 _d13514 |
||
| 003 | AR-CdUCM | ||
| 008 | 190415b ||||| |||| 00| 0 spa d | ||
| 040 |
_aMUNICIPALIDAD PROVINCIAL DEL CUSCO _cBIBLIOTECA MUNICIPAL DEL CUSCO |
||
| 082 |
_a051 / _bS99 / 1916 |
||
| 100 |
_aS. H. F. _931963 |
||
| 245 | _aVariedades / | ||
| 260 |
_aLima : _c1916. |
||
| 300 |
_a1528 paginas ; _c29 cm. |
||
| 505 | _aContenido : t.2: Nota trĂ¡gica de la semana -- El centenario Argentino -- Vida teatral -- El polo de Lima -- Caricatura extranjera... | ||
| 650 |
_aVariedades _931964 |
||
| 650 |
_aPerĂº _935 |
||
| 650 |
_aHistoria _9136 |
||
| 650 |
_aAmenidades _931965 |
||
| 650 |
_aCaricaturas _913471 |
||
| 942 |
_2ddc _cPP |
||
| 945 |
_awnts _d2019-04-15 |
||